Spell the Marvel Hero #115 - Statistics

General Stats
  • This quiz has been taken 12 times
  • The average score is 11 of 15
Answer Stats
Picture Answer % Correct
Ant-Man
100%
Black Panther
100%
Elektra
100%
Hawkeye
100%
Red Hulk
100%
Emma Frost
92%
Rocket Raccoon
92%
Drax
83%
Auntie Ante
58%
Balder the Brave
58%
Elsa Bloodstone
58%
Lucy in the Sky
58%
Bombshell
42%
Taegukgi
42%
Voyager
42%
No matching quizzes found
Score Distribution
Percent of People with Each Score
Percentile by Number Answered
Your Score History
You have not taken this quiz